Osman Hamdi Bey sözlüğü (Record no. 5151)
[ view plain ]
| 000 -BAŞLIK | |
|---|---|
| Sabit Uzunlukta Kontrol Alanı | 01102na a2200313 4500 |
| 001 - KONTROL NUMARASI | |
| Denetim Alanı | 14487 |
| 003 - KONTROL NUMARASI IDENTIFIER | |
| Denetim Alanı | MIRAKIL |
| 005 - SON İŞLEM TARİHİ VE ZAMANI | |
| Denetim Alanı | 20181213155029.0 |
| 008 - SABİT-BOY VERİ ELEMANLARI - GENEL BİLGİLER | |
| Sabit Uzunlukta Kontrol Alanı | 160908b tu 000 0 |
| 020 ## - ULUSLARARASI STANDART KİTAP NUMARASI | |
| Uluslararası Standart Kitap Numarası | 978975173521 |
| 035 ## - SİSTEM KONTROL NUMARASI | |
| Sistem Kontrol Numarası | 14487 |
| 040 ## - KATALOGLAMA KAYNAK | |
| Orijinal Kataloglama Ajansı | Milas |
| Kataloglama Dili | tur |
| Metne Dönüştürmek Ajansı | TR-AnCHP |
| 082 ## - DEWEY ONLU SINIFLANDIRMA NUMARASI | |
| Sınıflandırma Numarası | 927 Osman,H. |
| Ürün Numarası | O75 2010 |
| 090 ## - SINIFLAMA NUMARASI | |
| Sınıflama Numarası | 927 Osman,H. 927 O75 2010 |
| 245 ## - BAŞLIK TABLOSU | |
| Başlık | Osman Hamdi Bey sözlüğü |
| Sorumluluk Tablosu, Vb | ed. Edhem Eldem, fotoğraflar Erdal Aksoy, Serdar Tanyeli, Berica Nevin Berberoğlu |
| 260 ## - YAYIN, DAĞITIM, VB | |
| Yayın, Dağıtım, Vb Yeri | Ankara |
| Yayıncı, Dağıtıcı, Vs Adı | Kültür ve Turizm Bakanlığı |
| Yayın, Dağıtım, Vb Tarihi | 2010 |
| 300 ## - FİZİKSEL TANIM | |
| Kapsam | 515 s. |
| Boyutlar | 33 sm. |
| 490 ## - SERİSİ TABLOSU | |
| Seri Beyanı | Anma ve armağan kitapları dizisi |
| Hacim / Ardışık Tanımı | 25 |
| 490 ## - SERİSİ TABLOSU | |
| Seri Beyanı | T.C. Kültür ve Turizm Bakanlığı Kütüphaneler ve Yayımlar Genel Müdürlüğü |
| Hacim / Ardışık Tanımı | 3266 |
| 504 ## - KAYNAKÇA VB NOT | |
| Kaynakça Vb Notu | Kaynakça var. |
| 600 ## - KONU KATMA GİRİŞ - KURUMSAL ADI | |
| Kişisel Ad | Osman Hamdi Bey |
| Bir Adıyla İlişkilendirilen Tarihler | 1842-1910 |
| Genel Alt Bölümü | Armağan kitaplar |
| 650 ## - KONU KATMA GİRİŞ - TOPİKAL DÖNEM | |
| Topikal Süreli Veya Coğrafi Ad Giriş Elemanı | Ressamlar |
| Genel Alt Bölümü | Yaşamöyküsü |
| Coğrafi Alt Bölümü | Türkiye |
| 650 ## - KONU KATMA GİRİŞ - TOPİKAL DÖNEM | |
| Topikal Süreli Veya Coğrafi Ad Giriş Elemanı | Resim sanatı |
| Genel Alt Bölümü | Osman Hamdi Bey |
| Kronolojik Alt Bölümü | Sözlükler |
| Coğrafi Alt Bölümü | Türkiye |
| 700 ## - KATMA GİRİŞ - KİŞİSEL İSİM | |
| Kişisel Ad | Berberoğlu, Berica Nevin |
| 700 ## - KATMA GİRİŞ - KİŞİSEL İSİM | |
| Kişisel Ad | Tanyeli, Serdar |
| 700 ## - KATMA GİRİŞ - KİŞİSEL İSİM | |
| Kişisel Ad | Aksoy, Erdal |
| 700 ## - KATMA GİRİŞ - KİŞİSEL İSİM | |
| Kişisel Ad | Eldem, Edhem |
| 942 ## - EKLENDİ GİRİŞ ELEMANLARI (KOHA) | |
| Sınıflandırma Veya Raf Düzeni Kaynak | Dewey Decimal Classification |
| Koha Öğesi Türü | Books |
| 999 ## - SİSTEM KONTROL NUMARALARI (KOHA) | |
| Koha Biblionumber | 5151 |
| Koha Biblioitemnumber | 5151 |
| Kalıcı Konum | Mevcut Konum | Edinme Tarihi | Edinim Kaynak | Toplam Check-Out'Lar | Tam Çağrı Numarası | Barkod | Tarih Son Görülme | İtibaren Geçerli Fiyatlar | Koha Öğesi Türü |
|---|---|---|---|---|---|---|---|---|---|
| CHP Kütüphanesi | CHP Kütüphanesi | 08/29/2016 | Bağış | 927 Osman,H. 927 O75 2010 | 002480 | 08/29/2016 | 08/29/2016 | Books |
